000 00405cam a2200157ua 4500
003 OSt
008 250802b |||||||| |||| 00| 0 eng d
020 _a9781259003363
082 _a624.183412
_bKRI/PR
100 _aKrishna Raju, N .
245 _aPrestressed Concrete /
250 _a1 / 5
260 _aNew Delhi :
_bMc-Graw Hill Education(india) Private Limited
_c2014
300 _a812
942 _cBK
999 _c2901
_d2901